1162 1299 1867 1512 1208 1672 1633 1807 1402 1382 1355 1906 1312 1784 1317 1608 1339 1445 1134 1875 1023 1486 1974 1370 1180 1913 1448 1497 1663 1349 1797 1458 1864 1341 1861 1339 1762 1540 1119 1111 1663 1835 1843 1871 1613 1485 1176 1546 1848 1037 1102 1592 1203 1600 1042 1622 1737 1816 1789 1085 1906 1810 1514 1122 1242 1069 1537 1210 1794 1061 1522 1540 1139 1839 1041 1328 1494 1028 1494 1369 1310 1082 1099 1587 1102 1728 1330 1884 1623 1397 1645 1611 1864 1146 1791 1093 1954 1949 1468 BCNSPRNW ULIB Ver.6.0+V

เปลี่ยนเป็นภาษาไทย

Change to English
 แสดงรายละเอียดบรรณานุกรม
  กลับหน้าหลัก

Brief Record : Get Marc (ISO 2709) : E-mail record : QR code < ปิดหน้าต่าง
LEADER : 00000nam 2200000uu 4500
001    13399125907
003     ULIB
008    170925s2559||||th 000 0 tha d
020    ^a9789749752982
060  4 ^aWB105^bอ686E
100    ^aอำนาจ ชัยประเสริฐ
245    ^aEmergency Medicine/^cอำนาจ ชัยประเสริฐ และคณะ
250    ^aพิมพ์ครั้งที่ 2
260    ^aกรุงเทพฯ :^bโครงการตำรา วิทยาลัยแพทยศาสตร์พระมงกุฎเกล้า,^c2559
300    ^a778 หน้า^bภาพประกอบ
650    ^aEmergency Medicine
650    ^aอายุรศาสตร์ฉุกเฉิน
700 0  ^aต้นตนัย นำเบญจพล
700 0  ^aสิรกานต์ เตชะวณิช
700 0  ^aจันทราภา ศรีสวัสดิ์
700 0  ^aวิชัย ประยูรวิวัฒน์
945    ^p600^l0^i25620
945    ^p600^l0^i25621
945    ^p600^l0^i25622
945    ^p600^l0^i25623
945    ^p600^l0^i25624
999    ^aกัณชพร จุลอักษร
รายการนี้ยังไม่มีแท็ก
คุณยังไม่ได้ล็อกอิน คุณสามารถมีกิจกรรมร่วมกับเว็บไซต์ได้ แต่ต้องล็อกอินก่อน ::
  ล็อกอิน

รายการสื่อสารสนเทศ

ลำดับที่ ประเภท เลขเรียก/บาร์โค้ด สถานที่ สถานะ
1. วิทยาศาสตร์การแพทย์ และสุขภาพ
วิทยาศาสตร์การแพทย์ และสุขภาพ
สถานะ=หนังสือเก่า
WB105 อ686E ฉ.1 
  Barcode: 25620
ห้องสมุดวิทยาเขตนครสวรรค์
►ส่วนจัดเก็บหนังสือเก่า นว.
บนชั้น
  ขอยืม
2. วิทยาศาสตร์การแพทย์ และสุขภาพ
วิทยาศาสตร์การแพทย์ และสุขภาพ
สถานะ=หนังสือเก่า
WB105 อ686E ฉ.2 
  Barcode: 25621
ห้องสมุดวิทยาเขตนครสวรรค์
►ส่วนจัดเก็บหนังสือเก่า นว.
บนชั้น
  ขอยืม
3. วิทยาศาสตร์การแพทย์ และสุขภาพ
วิทยาศาสตร์การแพทย์ และสุขภาพ
สถานะ=หนังสือเก่า
WB105 อ686E ฉ.3 
  Barcode: 25622
ห้องสมุดวิทยาเขตนครสวรรค์
►ส่วนจัดเก็บหนังสือเก่า นว.
บนชั้น
  ขอยืม
4. วิทยาศาสตร์การแพทย์ และสุขภาพ
วิทยาศาสตร์การแพทย์ และสุขภาพ
สถานะ=หนังสือเก่า
WB105 อ686E ฉ.4 
  Barcode: 25623
ห้องสมุดวิทยาเขตนครสวรรค์
►ส่วนจัดเก็บหนังสือเก่า นว.
บนชั้น
  ขอยืม
5. วิทยาศาสตร์การแพทย์ และสุขภาพ
วิทยาศาสตร์การแพทย์ และสุขภาพ
สถานะ=หนังสือเก่า
WB105 อ686E ฉ.5 
  Barcode: 25624
ห้องสมุดวิทยาเขตนครสวรรค์
►ส่วนจัดเก็บหนังสือเก่า นว.
บนชั้น
  ขอยืม

รายการใกล้เคียง
    ผู้แต่ง [อำนาจ ชัยประเสริฐ]

    หัวเรื่อง [Emergency Medicine]
    หัวเรื่อง [อายุรศาสตร์ฉุกเฉิน]

BibComment


ยังไม่เคยถูกคอมเมนท์

คอมเมนท์ทรัพยากรรายการนี้
  คอมเมนท์: Emergency Medici..


 Copyright 2026. Bcnsprnw @Library